000 01760nam a2200373 c 4500
003 BLK
005 20240102131007.0
008 180410b bul|||||r ||||||| ||bul||
010 _aKNG00171200000
020 _a978-954-344-252-2
_bиздат.: Клет България
040 _aBLK
041 _aENG
_cBUL
072 7 _2bullib
_aН372
_xУчебни предмети. Учебници Н
080 _aАнглийски език
_b811.111
_x(075.4)
_z811.111(075.4)
700 1 _aЩерн, Беате
_eсъс съдействието на
_9336081
139 _aКурсът за мен. Английски език
_bК 94
245 1 0 _aКурсът за мен. Английски език
_bНиво A1 - A2 : Самоучител
_cсъс съдействието на Беате Щерн.
257 _aBGR
_aDEU
260 София
_bКлет България
_c2014
_fСофия : Алианс принт
300 _a320 с.
_bс ил., табл.
_c23 см
_e2 CD
380 _a80
490 1 _aPONS
500 _aИзд. е разработено на базата на PONS Der komplette Sprachkurs Englisch fur mich и Ускорен курс Английски за начинаещи. - Прил. със същото загл. и сигн. CD 3906.
650 4 _aАнглийски език - учебници за самоподготовка
_9253258
653 _aанглийски език
653 _aучебници за самообразование
659 _aН
852 _aЦб 272657
856 4 _qpdf
_u
856 4 _qpdf
_u
942 _cKNG
_n0
_06
944 _aCR
_c13.02.2015
_lТеодора Пейчева-Дянкова
_k30556
944 _aED
_c20.12.2017
_lф /
_kВиолета_Тройчева
999 _c163742
_d163742